A Logistics Approach to Supply chain Management (Record no. 188314)

MARC details
000 -LEADER
fixed length control field 00623nam a2200241Ia 4500
008 - FIXED-LENGTH DATA ELEMENTS--GENERAL INFORMATION
fixed length control field 140306s9999 xx 000 0 und d
020 ## - INTERNATIONAL STANDARD BOOK NUMBER
International Standard Book Number 8131509036
020 ## - INTERNATIONAL STANDARD BOOK NUMBER
International Standard Book Number 978-81-315-0903-6
041 ## - LANGUAGE CODE
Language code of text/sound track or separate title eng
082 ## - DEWEY DECIMAL CLASSIFICATION NUMBER
Classification number 658.7
Item number COY/LO
100 ## - MAIN ENTRY--PERSONAL NAME
Personal name Bardi, Edward J
245 ## - TITLE STATEMENT
Title A Logistics Approach to Supply chain Management
250 ## - EDITION STATEMENT
Edition statement 1st
260 ## - PUBLICATION, DISTRIBUTION, ETC. (IMPRINT)
Place of publication, distribution, etc. New Delhi
Name of publisher, distributor, etc. Cengage Learning
Date of publication, distribution, etc. 2009
300 ## - PHYSICAL DESCRIPTION
Extent 513
365 ## - TRADE PRICE
Price amount Rs.399/-
650 ## - SUBJECT ADDED ENTRY--TOPICAL TERM
Topical term or geographic name as entry element Logistic in the Economy
700 ## - ADDED ENTRY--PERSONAL NAME
Personal name Coyle, John J
700 ## - ADDED ENTRY--PERSONAL NAME
Personal name Gibson, Brian J
700 ## - ADDED ENTRY--PERSONAL NAME
Personal name Langley, John C
700 ## - ADDED ENTRY--PERSONAL NAME
Personal name Novack, Robert A
942 ## - ADDED ENTRY ELEMENTS (KOHA)
Source of classification or shelving scheme Dewey Decimal Classification
Koha item type Books (General)
Holdings
Withdrawn status Lost status Source of classification or shelving scheme Damaged status Not for loan Home library Current library Date acquired Cost, normal purchase price Total Checkouts Full call number Date last seen Price effective from Koha item type
    Dewey Decimal Classification     College of Co-operation, Banking & Management Library, Vellanikkara College of Co-operation, Banking & Management Library, Vellanikkara 12/12/2013 399.00   658.7 COY/LO 22/03/2014 22/03/2014 Books (General)
Kerala Agricultural University Central Library
Thrissur-(Dt.), Kerala Pin:- 680656, India
Ph : (+91)(487) 2372219
E-mail: librarian@kau.in
Website: http://library.kau.in/